1997 Worldwide Box Office - Statistics

General Stats
  • This quiz has been taken 8 times
  • The average score is 5 of 10
Answer Stats
Rank Movie Title Worldwide Box Office (USD) Distributor/Studio Genre % Correct
1 Titanic $2,223,048,786 Paramount Historical Drama/Disaster
100%
3 Men in Black $587,790,539 Sony Sci-Fi/Comedy
67%
2 The Lost World: Jurassic Park $618,638,999 Universal Sci-Fi/Monster
67%
6 As Good As It Gets $314,111,923 Sony Comedy/Drama
50%
5 Air Force One $315,268,353 Sony Action
33%
7 Liar Liar $302,710,615 Universal Comedy
33%
9 The Fifth Element $263,892,271 Sony Sci-Fi/Fantasy
33%
4 Tomorrow Never Dies $339,504,276 MGM Action
33%
8 My Best Friend's Wedding $298,923,419 Sony Romantic Comedy
17%
10 The Full Monty $261,249,383 20th Century Fox Comedy
17%
No matching quizzes found
Score Distribution
Percent of People with Each Score
Percentile by Number Answered
Your Score History
You have not taken this quiz